000
00308nam a2200133Ia 4500
008
191201s2007 xx 000 0 und d
100
_a
LEXICON
245
0
_a
Design My Home By Myself
250
_a
Rep
260
_a
N. Delhi
_b
Lexicon Pub
_c
2007
300
_a
95
650
_a
General Books
942
_2
ddc
_c
BK
999
_c
4559
_d
4559